A lot of effort, but little to show for it (Record no. 82474)

MARC details
000 -LEADER
fixed length control field 01056cab a22002175a 4500
001 - CONTROL NUMBER
control field L150357
008 - FIXED-LENGTH DATA ELEMENTS--GENERAL INFORMATION
fixed length control field 100702e20100327xxk 000 0 eng d
035 ## - SYSTEM CONTROL NUMBER
System control number (Sirsi) u150357
041 0# - LANGUAGE CODE
Language code of text/sound track or separate title eng
100 1# - MAIN ENTRY--PERSONAL NAME
Personal name Starr, John
245 02 - TITLE STATEMENT
Title A lot of effort, but little to show for it
Medium [electronic resource]
260 ## - PUBLICATION, DISTRIBUTION, ETC.
Date of publication, distribution, etc. 2010
490 ## - SERIES STATEMENT
Series statement Estates Gazette
Volume/sequential designation (1012) 27 March 2010, 91(1)
520 ## - SUMMARY, ETC.
Summary, etc. Discusses planned changes to the Housing Grants, Construction and Regeneration Act 1996 Part II, which are due to come into force next year. The changes relate to adjudication and the use of withholding notices.
590 ## - LOCAL NOTE (RLIN)
Local note KA
650 24 - SUBJECT ADDED ENTRY--TOPICAL TERM
Topical term or geographic name entry element HOUSING GRANTS, CONSTRUCTION AND REGENERATION ACT 1996
651 #4 - SUBJECT ADDED ENTRY--GEOGRAPHIC NAME
Geographic name England and Wales
Chronological subdivision 1543-
690 ## - LOCAL SUBJECT ADDED ENTRY--TOPICAL TERM (OCLC, RLIN)
Topical term or geographic name as entry element MANAGEMENT-DISPUTE AVOIDANCE, MANAGEMENT AND RESOLUTION-DISPUTE MANAGEMENT AND RESOLUTION-ALTERNATIVE DISPUTE RESOLUTION-ADJUDICATION
856 41 - ELECTRONIC LOCATION AND ACCESS
Uniform Resource Identifier <a href="https://www.boyesturner.com/pdfs/Construction%20Legislation%2027%20March%202010.pdf">https://www.boyesturner.com/pdfs/Construction%20Legislation%2027%20March%202010.pdf</a>
Public note View the article free of charge at www.boyesturner.com
942 ## - ADDED ENTRY ELEMENTS (KOHA)
Suppress in OPAC 0
Holdings
Withdrawn status Lost status Source of classification or shelving scheme Damaged status Not for loan Home library Current library Shelving location Date acquired Total Checkouts Full call number Barcode Date last seen Copy number Price effective from Koha item type
    Dewey Decimal Classification     London London Journal article 02/07/2010   E150357 150357-2001 06/08/2019 1 06/08/2019 Journal article
    Dewey Decimal Classification     Virtual Virtual Online 02/07/2010   ONLINE PUBLICATION 150357-3001 06/08/2019 1 06/08/2019 Journal article